01227 a2200181 4500003000500000005001700005010001600022020001700038040000900055082001200064100001400076245005300090250001200143260003800155300006800193505076900261650001501030Nust20221011155003.0 a 85024467 a0394341228 : cNust00a540,DAY1 a Day ,R A10aGeneral chemistryc R A Day and Ronald C Johnson a1st ed. aNew York :bRandom House,cc1986. axxvii, 1015 p., [20] p. of plates :bill. (some col.) ;c26 cm. aAtoms, Molecules And Simple Stoichiometry (Page-1), The Kinetic Molecular Theory And The Three States Of Matter (Page-33), Structure Of The Atom (Page-83), Electronic Structure Of The Atom (Page-111), The Chemical Bond (Page-143), Predicting Properties Of Molecules And Reactions (Page-175), Aqueous Solutions Of Ionic And Covalent Compounds (Page-205), Chemical Equilibrium (Page-249), Rates Of Chemical Reactions (Page-283), Equilibria In Aqueous Solutions (Page-323), Electrochemistry (Page-355), Nuclear Energy (Page-373), Theories Of Bonding (Page-393), The Chemistry Of Carbon Compounds (Page-415), Some Topics In Biochemistry (Page-445), Transition Metals (Page-481), Industrial And Environmental Chemistry (Page-513), Modern Methods Of Analysis (Page-541). 0aChemistry.